Normal view
MARC view
- SUPERVISOR KAMRAN AZIZ
Entry Personal Name
001 - CONTROL NUMBER
- control field: 72065
003 - CONTROL NUMBER IDENTIFIER
- control field: NUST
005 - DATE AND TIME OF LATEST TRANSACTION
- control field: 20210628204733.0
008 - FIXED-LENGTH DATA ELEMENTS
- fixed length control field: 210628|| aca||aabn | a|a d
040 ## - CATALOGING SOURCE
- Original cataloging agency: NUST
- Transcribing agency: NUST
100 ## - HEADING--PERSONAL NAME
- Personal name: SUPERVISOR KAMRAN AZIZ
670 ## - SOURCE DATA FOUND
- Source citation: Work cat.: (NUST): NIMRAH, ZUBIA, YUMNA 72064, PR-SOF-1281-REAL TIME DETECTION TRACKING AND CLASIFICATION OF HUMAN BEING ON IR NV THERMAL CAMERA, 2013
